| 000 | 00344nam a22001577a 4500 | ||
|---|---|---|---|
| 003 | SGT | ||
| 020 | _a9789386478672 | ||
| 082 |
_a618.92 _bC20G |
||
| 100 | _aGUPTA, PIYUSH | ||
| 245 | _aCLINICAL METHODS IN PEDIATRICS | ||
| 250 | _a4TH | ||
| 260 |
_aINDIA _bCBS PUB _c2020 |
||
| 300 | _a665 | ||
| 650 | _aPEDIATRICS | ||
| 942 |
_2ddc _cBK _0102 |
||
| 999 |
_c20984 _d20984 |
||